Statistics for Countries of the Allies - AnakinSkywalker7

Click here to take the quiz!

General Stats

  • This quiz has been taken 13 times
    (11 since last reset)
  • The average score is 13 of 15

Answer Stats

HintAnswer% Correct
FRAFrance
100%
UKUnited Kingdom
100%
USAUnited States of America
100%
AUSAustralia
86%
CANCanada
86%
CHIChina
86%
EGYEgypt
86%
INDIndia
86%
ITAItaly
86%
NEWNew Zealand
86%
POLPoland
86%
SOUSouth Africa
86%
BELBelgium
71%
GREGreece
71%
USSUnion of Socialist Soviet Republics
71%

Score Distribution

Percentile by Number Answered

Percent of People with Each Score

Your Score History

You have not taken this quiz since the last reset